000
00289 a2200145 4500
001
169476
020
_a
040
_c
Magnum
100
_a
Bardin, Laurence
240
1
0
_a
Analise de conteudo
_l
por
245
1
0
_a
Analise de conteudo
362
0
_a
1899
697
_a
GERAL
942
_c
BK
999
_c
169476
_d
169476